000 03451cam a2200421 i 4500
001 768714001
003 CO-MdFUSB
005 20220624110454.0
007 ta
008 070924t2008 cauaf b 100 0 eng d
020 _a1586172344
040 _aPCJ
_beng
_cCO-MdFUSB
_dPCJ
_dBAKER
_dYDXCP
_dPIT
_dSOR
_dBWX
_dSUC
_dCQU
_dBDX
_dOCLCF
_dOCLCA
_dOCLCQ
_dOCL
_dRCT
_dOCLCQ
_dOCLCA
_dOCLCQ
_dSTA
_dUtOrBLW
_erda
041 1 _aeng
_hger
082 _223
_a261.55
_bC912
245 1 0 _aCreation and evolution :
_ba conference with Pope Benedict XVI in Castel Gandolfo /
_cconferencia por Papa Benedict XVI ; prólogo por Christoph Cardinal Schonborn ; traducido por Michael J. Miller.
264 1 _aSan Francisco :
_bIgnatius Press,
_c[2008]
264 4 _c© 2008
300 _a210 páginas
_bilustraciones ;
_c21 cm.
336 _atexto
_btxt
_2rdacontent.
337 _asin mediación
_bn
_2rdamedia.
338 _avolumen
_bnc
_2rdacarrier.
500 _aPublicado en nombre de los antiguos alumnos de posgrado del Papa Benedicto XVI por Stephan Otto Horn y Siegfried Wiedenhofer
500 _aDocumentos de una conferencia celebrada en Castel Gandolfo, Italia, septiembre de 2006.
500 _a"Edición original en alemán: Schopfung und Evolution Eine Tagung mit Papst Benedikt XVI. in Castel Gandolfo" (verso t.p.).
504 _aIncluye referencias bibliográficas (páginas 201-206).
505 _aEvolución y diseño: una revisión del estado del arte en la teoría de la evolución / Peter Schuster -- Descendencia común y diseño inteligente / Robert Spaemann -- El problema de la creación y la evolución / Paul Erbich -- Fides, ratio, scientia : the debate sobre la evolución / Christoph Schonborn -- La creencia en la creación y la teoría de la evolución: distinción y punto de intersección / Siegfried Widenhofer.
520 _a"En 2005, el Arzobispo de Viena, Christoph Cardenal Schonborn, escribió un editorial invitado en The New York Times que provocó un debate mundial sobre "Creación y Evolución". El Papa Benedicto XVI instruyó al Cardenal a estudiar más de cerca este problema y el debate actual entre " evolucionismo" y "creacionismo", y pidió a la reunión anual de sus antiguos alumnos que abordaran estas cuestiones. Incluso después de que Joseph Ratzinger se convirtiera en el Papa Benedicto XVI, ha seguido manteniendo un estrecho contacto con el círculo de sus antiguos alumnos. El "círculo de estudio" (Schulerkrers) se reúne una vez al año con el Papa Benedicto XVI para una conferencia. Muchos de estos antiguos alumnos de Ratzinger se han convertido en eruditos, profesores y escritores aclamados, así como en prelados de la Iglesia de alto rango. Este libro documenta las actas de la notable conferencia. sobre el tema de "Creación y Evolución' organizado por el Papa Benedicto XVI en 2006 en la residencia papal de verano, Castel Gandolfo. Incluye documentos que fueron pres provenientes de los campos de las ciencias naturales, la filosofía y la teología, y registra la discusión subsiguiente, en la que participó el mismo Papa Benedicto XVI.”
563 _aPasta dura
650 7 _aCreacionismo
_9252
650 7 _aReligión y ciencia
_9259
653 _aEvolución
700 0 _aBenedict
_d1927-
_econferencista
700 1 _aSchonborn, Christoph von.
_eprologuista
700 _aMiller, Michael J.
_96383
_etraductor
942 _cBK
945 _aJTF-925
999 _c67672
_d67672